zpět

Detail výsledku týmu

Infinity c&c bar ÚT, Zlín

Datum a čas kvízu

33 Celkem bodů Celkový počet nahraných bodů na tomto kvízu bez doplňovacích otázek.
3. Pořadí na kvízu Konečné umístění týmu na tomto kvízu.

Zaznamenané odpovědi

# Otázka Odpověď Body Výsledky
1. Jak se nazývá země, jejíž prez... Maďarsko 1
2. Premiér jedné evropské země us... Boris Johnson 1
3. Oblíbený dětský moderátor a he... Michal Nesvadba 1
4. Poslanci Evropského parlamentu... od roku 2035 0
5. Nový šampión UFC – elitní prof... Jiří Procházka 1
6. Z nebe padá ledacos, ale nejča... A 0
7. Pád z nebe potkal i syna stavi... Íkaros; Daidalos 1
8. Když venku prší opravdu hodně... A 1
9. Ve kterém roce byla požárem zn... 1937 (uznáváme od 1935 do 1939) 1
10. Fanoušky romantických seriálů... v Jižní Koreji 1